01365nam a2200349 i 4500001000300000003000900003005001700012008003900029015001800068020001500086035002100101040003500122041001800157046000900175080001200184080001000196080001200206100004300218245019600261250002600457260008500483300003700568380001700605504002600622546003900648650001900687658003700706655003000743650001700773710012700790856009800917bgKOSZ 00520210602102732.0001119s2000 pl a |000 0 pol aPB 1999/18125 a8387673137 a(OCoLC)830289878 aWA NcKOSZ 005/HRdKOSZ 005/HR1 apolhfrehger k2000 a34(438) a340.1 a(075.8)1 aRedelbach, Andrzejd(1946-2006)eAutor10aWstęp do prawoznawstwa :bpodstawowe pojęcia nauk o władzy, państwie i prawie w perspektywie Unii Europejskiej, Regulamin Europejskiego Trybunału Praw Człowieka /cAndrzej Redelbach. aWyd. 3 popr. i uzup.. aToruń :bTowarzystwo Naukowe Organizacji i Kierownictwa "Dom Organizatora",c. a606, [1] s. :b1 faks. ;c21 cm. aKsiążki. aBibliogr. przy rozdz. aTekst częśc. tł. z fr., niem. 4aPrawozPolska. aPrawo i wymiar sprawiedliwości 4aPodręczniki akademickie 4aTeoria prawa2 aDom Organizatora w Toruniu (Towarzystwo Naukowe Organizacji i Kierownictwa)bOddział Toruński "Dom Organizatora".4pbl. uhttp://koha.tu.koszalin.pl/cgi-bin/koha/opac-detail.pl?biblionumber=41652yKatalog online BPK